| 000 | 00000nam 2200000zi 4500 |
| 001 | 9.906478 |
| 003 | CaOODSP |
| 005 | 20230901095335 |
| 006 | m o d f |
| 007 | cr cn||||||||| |
| 008 | 211229e202202 quc o f000 0 fre d |
| 020 | |a9780660415048 |
| 040 | |aCaOODSP|bfre|erda|cCaOODSP |
| 043 | |an-cn--- |
| 086 | 1 |aEn4-451/2022F-PDF |
| 086 | 1 |aEn4-451/1-2022F-PDF |
| 245 | 00|aProgramme d'incitation à la décarbonisation : |bFonds issu des produits du système de tarification fondé sur le rendement : guide du demandeur. |
| 264 | 1|aGatineau (Québec) : |bEnvironnement et changement climatique Canada = Environment and Climate Change Canada, |cfévrier 2022. |
| 264 | 4|c©2022 |
| 300 | |a1 ressource en ligne (2 volumes) |
| 336 | |atexte|btxt|2rdacontent/fre |
| 337 | |ainformatique|bc|2rdamedia/fre |
| 338 | |aressource en ligne|bcr|2rdacarrier/fre |
| 500 | |aPublié aussi en anglais sous le titre : Decarbonization Incentive Program : Output-Based Pricing System Proceeds Fund : applicant guide. |
| 500 | |a« EC21230.06. » |
| 505 | 0 |aGuide du demandeur -- Annexe B - guide détaillé pour remplir le formulaire de demande. |
| 650 | 6|aGaz carbonique|xRéduction|zCanada|xFinances. |
| 650 | 6|aGaz à effet de serre|xRéduction|zCanada|xFinances. |
| 650 | 6|aGaz carbonique|xRéduction|xPolitique gouvernementale|zCanada. |
| 650 | 6|aGaz à effet de serre|xRéduction|xPolitique gouvernementale|zCanada. |
| 710 | 1 |aCanada. |bEnvironnement et changement climatique Canada, |eorganisme de publication. |
| 775 | 08|tDecarbonization Incentive Program : |w(CaOODSP)9.906477 |
| 794 | |tProgramme d'incitation à la décarbonisation : |w(CaOODSP)9.925773 |
| 856 | 40|qPDF|s849 Ko|uhttps://publications.gc.ca/collections/collection_2022/eccc/En4-451-2022-fra.pdf|z(Guide du demandeur) |
| 856 | 40|qPDF|s748 Ko|uhttps://publications.gc.ca/collections/collection_2022/eccc/En4-451-1-2022-fra.pdf|z(Annexe B - guide détaillé pour remplir le formulaire de demande) |